Métodos de contabilidad industrial / (Record no. 11559)

000 -CABECERA
fixed length control field 01015nam a22002417a 4500
003 - IDENTIFICADOR DEL NÚMERO DE CONTROL
control field AR-CdUCM
008 - DATOS DE LONGITUD FIJA--INFORMACIÓN GENERAL
fixed length control field 190404b ||||| |||| 00| 0 spa d
040 ## - FUENTE DE LA CATALOGACIÓN
Agencia/entidad que catalogó originalmente la obra MUNICIPALIDAD PROVINCIAL DEL CUSCO
Entidad que transcribió la catalogación BIBLIOTECA MUNICIPAL DEL CUSCO
082 ## - NÚMERO DE LA CLASIFICACIÓN DECIMAL DEWEY
No. de Clasificación 657.4 /
Notacion interna L27 /1947
100 ## - ENTRADA PRINCIPAL--NOMBRE DE PERSONA
Nombre Personal Lasser, Jacob Kay,
245 ## - MENCIÓN DE TÍTULO
Título Métodos de contabilidad industrial /
260 ## - PUBLICACIÓN, DISTRIBUCIÓN, ETC.
Lugar de publicación, distribución, etc. México, D.F :
Nombre de la editorial, distribuidor, etc. Unión Tipográfica Editorial Hispano-Americana,
Fecha de publicación, distribución, etc. 1947.
300 ## - DESCRIPCIÓN FÍSICA
Nº de Páginas Extensión 462 paginas ;
Otros detalles físicos Cuadros,
Dimensiones 23 cm.
505 ## - NOTA DE CONTENIDO CON FORMATO
Nota de contenido formateada Contenido : t.1: Funciones de un sistema de contabilidad -- Mecánica de la contabilidad -- Principios de la organización del sistema -- Compras cuentas a pagar -- Nominas de salario...
650 ## - PUNTO DE ACCESO ADICIONAL DE MATERIA--TÉRMINO DE MATERIA
Descriptor Mecánica de contabilidad
9 (RLIN) 28981
650 ## - PUNTO DE ACCESO ADICIONAL DE MATERIA--TÉRMINO DE MATERIA
Descriptor Ventas y cuentas
9 (RLIN) 28982
650 ## - PUNTO DE ACCESO ADICIONAL DE MATERIA--TÉRMINO DE MATERIA
Descriptor Registros de inventarios
9 (RLIN) 28983
700 ## - PUNTO DE ACCESO ADICIONAL--NOMBRE DE PERSONA
Nombre Personal Civera, Marin (Traductor)
9 (RLIN) 28984
942 ## - ELEMENTOS DE PUNTO DE ACCESO ADICIONAL (KOHA)
Fuente de clasificación
Tipo de item Libros-BMC
945 ## - PROCESAMIENTO DE INFORMACIÓN LOCAL (OCLC)
Catalogador wnts
AAAA-MM-DD - Fecha de ingreso o modificacion 2019-04-04
Holdings
Estado de retiro (separado) Fuente de clasificación o esquema de estanterías Estado dañado Ubicación Sala donde se ubica Nombre de la colección Fecha de adquisición o compra Costo, precio normal en soles Signatura topográfica Código de Barras Última vez visto (Koha) Tipo de ítem (Koha)
No     Sala Cusco Antiguo Sala Cusco Antiguo Book Cart 2019-04-04 95.00 657.4 / L27 / t.1 / 1947 SCA0001632 2019-04-04 Libros-BMC

Powered by Koha